=LDR 00000nam 2200000 4500 =001 INLIS000000000037668 =990 ##$$a 21110012 =005 20210224081600 =990 ##$$a 21110015 =035 ##$$a 0010-061300000037668 =990 ##$$a 21110014 =008 210224################g##########0#ind## =990 ##$$a 21110013 =041 ##$$a Ind =082 ##$$a 332.6 =090 ##$$a 332.6, Set m =100 1#$$a Setyowati, Nanik =245 1#$$a Mom investment : $b resep investasi untuk wanita dan ibu rumah tangga /$c Nanik Setyowati ; editor, Benedicta Rini W =260 ##$$a Yogyakarta :$b Andi,$c 2011 =300 ##$$a xx, 98 hlm : $b ILus ; $c 20 x 14 cm =650 #4$$a Investasi =850 ##$$a NBPNMAT =020 ##$$a 978-29-2485-5 =084 ##$$a 332.6 SET m =250 ##$$a Ed. 1 =504 ##$$a Biografi : hlm. 95 - 96 =990 ##$$a 21110012 =990 ##$$a 21110015 =990 ##$$a 21110014 =990 ##$$a 21110013